| 000 | 00000nam##2200000za#4500 |
| 001 | 9.681927 |
| 003 | CaOODSP |
| 005 | 20210615132609 |
| 007 | ta |
| 008 | 150407|2002||||xxc||||| f|0| 0 fre|d |
| 020 | |a0-662-87820-5 |
| 040 | |aCaOODSP|bfre |
| 043 | |an-cn--- |
| 086 | 1 |aH39-647/2002-2F |
| 110 | 1 |aCanada.|bSanté Canada. |bDirection générale de la santé de la populations et de la santé publique. |
| 245 | 10|aGuide pédagogique d'activité physique pour les jeunes du Canada (de 10 à 14 ans) |
| 260 | |aOttawa - Ontario : |bSanté Canada. |c2002. |
| 300 | |a15p. : |bill. en couleur, tableau ; |c28 cm. |
| 500 | |a«Le présent Guide a été conçu pour aider les jeunes de 10 à 14 ans à mieux saisir l'importance de l'activité physique et ses effets sur la santé.» |
| 520 | 3 |aL'information contenue dans cette publication à propos des lignes directrices en matière d'activité physique, n'est plus à jour. La Société canadienne de physiologie de l’exercice a diffusé le 24 janvier 2011 des nouvelles lignes directrices. Pour en savoir davantage sur les nouvelles lignes directices en matière d'activité physique et pour des conseils pour vous aider à intégrer l'activité physique dans un mode de vie sain, consultez le site Web de l'Agence de la santé publique du Canada (ASPC). |
| 563 | |aCouverture souple |
| 590 | |a03-37|b2003-09-12 |
| 691 | 07|aAdolescent|2gcpds |
| 691 | 07|aCondition physique|2gcpds |
| 775 | 08|tTeacher's guide to physical activity for youth 10-14 years of age |w(CaOODSP)9.648657 |
| 776 | 0#|tGuide pédagogique d'activité physique pour les jeunes du Canada (de 10 à 14 ans) |w(CaOODSP)9.638996 |